Rekonštrukcie stokových sietí a čistiarní odpadových vôd 3. ročník bienálnej konferencie s medzinárodnou účasťou, 27.-29. októbra 2003 Liptovký Ján Slovensko : zborník prednášok a postrehov

Bibliographic Details
Corporate Author: Rekonštrukcia stokových sietí a čistiarní odpadových vôd Liptovský Ján, Slovensko
Other Authors: Dian, Miloš (Editor)
Format: Conference Proceeding Book
Language:Slovak
Czech
PhysicalDescription:370 s. ilustr. 31 cm
Published: V Bratislave Výskumný ústav vodného hospodárstva 2003
ISBN:8089062245
Edition:[1. vyd.]
Subjects:

MARC

LEADER 00000cam a2200000 a 4500
001 vtls001470793
003 SK-MaSNL
005 20260302040440.0
008 250414s2003 xo ab f 10000 slo
015 |a SNBA2004/04-01616 
020 |a 8089062245 
035 |a SNK000426097 
035 |a urn:nbn:sk:snk-amjsav 
035 |a urn:nbn:sk:snk:ar-a0cft9 
035 |a 0d273a0d-94ed-4140-bea5-4e9995bcb69a 
040 |a SNK  |b slo  |c SNK  |e AACR2 
041 0 |a slo  |a cze 
044 |a xo  |c SK 
072 7 |a 628  |x Zdravotná technika. Úprava vody. Odpadové hospodárstvo. Svetelná technika  |2 konspekt 
080 |a 628.2  |2 1997 
080 |a 628.3  |2 1997 
080 |a 628.32  |2 1997 
080 |a 629.13  |2 1997 
080 |a (063)  |2 1997 
111 2 |a Rekonštrukcia stokových sietí a čistiarní odpadových vôd  |n (3. :  |d 2003 :  |c Liptovský Ján, Slovensko)  |9 690778 
245 0 0 |a Rekonštrukcie stokových sietí a čistiarní odpadových vôd  |b 3. ročník bienálnej konferencie s medzinárodnou účasťou, 27.-29. októbra 2003 Liptovký Ján Slovensko : zborník prednášok a postrehov  |c editor Miloš Dian 
250 |a [1. vyd.] 
260 |a V Bratislave  |b Výskumný ústav vodného hospodárstva  |c 2003 
300 |a 370 s.  |b ilustr.  |c 31 cm 
500 |a Res. angl., čes., slov. 
500 |a Čiast. text čes. 
500 |a Zozn. 
500 |a 200 výtl. 
504 |a Bibliogr. odkazy. Reg. aut. 
650 0 7 |a stoky  |2 SNKPH  |9 69097 
650 0 7 |a odpadové vody  |2 SNKPH  |9 66096 
650 0 7 |a čistiarne odpadových vôd  |2 SNKPH  |9 18336 
650 0 7 |a kanalizácia  |2 SNKPH  |9 29352 
655 7 |a zborníky konferencií  |2 SNKPH  |9 70153 
655 7 |a issue_zb  |2 SNK  |9 276493 
700 1 |a Dian, Miloš  |4 edt  |9 315779 
752 |a Slovensko  |d Bratislava 
852 |a Slovenská národná knižnica 
919 |a 80-89062-24-5 
954 |a odborná, vedecká literatúra pôvodná (slovenská)  |2 lita 
954 |a odborná, vedecká literatúra cudzojazyčná (svetová)  |2 lita 
958 |a ART 
958 |a OND 
968 |d 62 
999 |c 1074671  |d 1076601 
952 |a SNK  |b SNK  |y PREZ  |7 0  |p 17A0420352  |o snkSB 68253  |i snkKSP 4088/2004  |0 0  |1 0  |4 0  |d 2004-03-18  |l 0  |r 2025-04-22 00:00:00  |w 2026-02-24 
952 |a SNK  |b SNK  |y PREZ  |7 0  |p 17A0420353  |o snkSB 68253 D1  |i snkKSP 4089/2004  |0 0  |1 0  |4 0  |d 2004-03-18  |l 0  |r 2005-01-02 00:00:00  |w 2026-02-24